-ven Definitions Quiz Stats

 Plays Quiz Updated Feb 13, 2019

Support Sporcle.
Go Orange.
Score 0/15 Timer 03:00
2 Plays Today
% Correct
Oven
95.1%
Heaven
94%
Raven
93.7%
Haven
93.3%
Enliven
92.8%
Driven
91.7%
Proven
91.2%
Coven
90.8%
% Correct
Sloven
90.1%
Even
90.1%
Leaven
87.9%
Given
87.6%
Riven
85.3%
Daven
74.7%
Eleven
60.6%

From the Vault

Hand-Drawn History VII

by ddavey1983

History 8m
We're still waiting for the first great internet hoax to cause a national panic.
Remove Ads.
Support Sporcle.
Get the best of Sporcle when you Go Orange. This ad-free experience offers more features, more stats, and more fun while also helping to support Sporcle. Thank you for becoming a member.

Show Comments

Extras

Top Quizzes Today


Score Distribution

Your Account Isn't Verified!

In order to create a playlist on Sporcle, you need to verify the email address you used during registration. Go to your Sporcle Settings to finish the process.

Report this User

Report this user for behavior that violates our Community Guidelines.

Details: